Biblioteca y Centro de Documentación

Dictamen 1-2025 sobre el Anteproyecto de Ley para la reducción de la duración máxima de la jornada ordinaria de trabajo, el registro de jornada y el derecho a la desconexión (Registro nro. 53602)

Detalles MARC
000 -CABECERA
Longitud fija campo de control 02019nam a2200397 c 4500
001 - NÚMERO DE CONTROL
Número de control 53602
003 - IDENTIFICADOR DE NÚMERO DE CONTROL
Identificador del número de control ES-MaCES
005 - FECHA Y HORA DE LA ÚLTIMA TRANSACCIÓN
Fecha y hora de la última transacción 20251002133929.0
007 - PHYSICAL DESCRIPTION FIXED FIELD--GENERAL INFORMAT
Campo fijo de descripción física cr |||||||||||
008 - CAMPO FIJO DE DESCRIPCIÓN FIJA--INFORMACIÓN GENERAL
Códigos de información de longitud fija   250227s2025 sp l o000 | spa d
040 ## - FUENTE DE CATALOGACIÓN
Centro catalogador de origen ES-MaCES
Lengua de catalogación spa
Centro transcriptor ES-MaCES
245 10 - MENCIÓN DE TÍTULO
Título Dictamen 1-2025 sobre el Anteproyecto de Ley para la reducción de la duración máxima de la jornada ordinaria de trabajo, el registro de jornada y el derecho a la desconexión
300 ## - DESCRIPCIÓN FÍSICA
Extensión 17 p. (139 kb)
500 ## - NOTA GENERAL
Nota general Se solicitó plazo de urgencia de diez días. Con posterioridad, el CES solicitó al Departamento proponente una ampliación del plazo en otros cuatro días hábiles, que se obtuvo mediante comunicación de la Vicepresidenta Segunda del Gobierno y Ministra de Trabajo y Economía Social, recibida el 17 de febrero.
593 ## - CES. DATOS DICTAMEN
Comisión de trabajo Relaciones Laborales, Empleo y Seguridad Social
Fecha dictamen 20250226
Identificador D-001-2025
Tipo trámite Ordinaria
Tipo sesión Pleno ordinario
Votos aprobados Presentes (57): (54) sí, (1) no, (2) abst.
650 #4 - ASIENTO SECUNDARIO DE MATERIA--TÉRMINO DE MATERIA
Término de materia o nombre geográfico como elemento inicial ordenamiento del tiempo de trabajo
9 (RLIN) 29205
650 #4 - ASIENTO SECUNDARIO DE MATERIA--TÉRMINO DE MATERIA
Término de materia o nombre geográfico como elemento inicial horas de trabajo
9 (RLIN) 28335
650 #4 - ASIENTO SECUNDARIO DE MATERIA--TÉRMINO DE MATERIA
Término de materia o nombre geográfico como elemento inicial reducción de la duración del trabajo
9 (RLIN) 29516
650 #4 - ASIENTO SECUNDARIO DE MATERIA--TÉRMINO DE MATERIA
Término de materia o nombre geográfico como elemento inicial condiciones de trabajo
9 (RLIN) 28327
650 #4 - ASIENTO SECUNDARIO DE MATERIA--TÉRMINO DE MATERIA
Término de materia o nombre geográfico como elemento inicial mecanismo de control
9 (RLIN) 29918
650 #4 - ASIENTO SECUNDARIO DE MATERIA--TÉRMINO DE MATERIA
Término de materia o nombre geográfico como elemento inicial Estatuto de los Trabajadores
9 (RLIN) 30784
650 #4 - ASIENTO SECUNDARIO DE MATERIA--TÉRMINO DE MATERIA
Término de materia o nombre geográfico como elemento inicial España
9 (RLIN) 26964
650 #4 - ASIENTO SECUNDARIO DE MATERIA--TÉRMINO DE MATERIA
Término de materia o nombre geográfico como elemento inicial régimen jurídico
9 (RLIN) 29894
653 ## - TÉRMINO DE INDEXACIÓN--NO CONTROLADO
Término no controlado Relaciones laborales-Empleo
700 1# - ENCABEZAMIENTO SECUNDARIO--NOMBRE PERSONAL
9 (RLIN) 41165
Nombre de persona Urbano, Magdalena Eva
Término indicativo de función ponente
700 1# - ENCABEZAMIENTO SECUNDARIO--NOMBRE PERSONAL
9 (RLIN) 41353
Nombre de persona Santos, Rosario Isabel
Término indicativo de función interviniente
700 1# - ENCABEZAMIENTO SECUNDARIO--NOMBRE PERSONAL
9 (RLIN) 41354
Nombre de persona Vidal, Carmen
Término indicativo de función interviniente
700 1# - ENCABEZAMIENTO SECUNDARIO--NOMBRE PERSONAL
9 (RLIN) 19537
Nombre de persona Navarro Villarreal, Eduardo
Término indicativo de función interviniente
700 1# - ENCABEZAMIENTO SECUNDARIO--NOMBRE PERSONAL
9 (RLIN) 41114
Nombre de persona Estévez Navarro, Cristina
Término indicativo de función interviniente
700 1# - ENCABEZAMIENTO SECUNDARIO--NOMBRE PERSONAL
9 (RLIN) 8492
Nombre de persona Burgos Díaz, Luis
Término indicativo de función interviniente
700 1# - ENCABEZAMIENTO SECUNDARIO--NOMBRE PERSONAL
9 (RLIN) 6101
Nombre de persona Álvarez Alcalde, Juan José
Término indicativo de función interviniente
710 1# - ENCABEZAMIENTO SECUNDARIO--NOMBRE CORPORATIVO
9 (RLIN) 39731
Nombre de entidad o nombre de jurisdicción como elemento inicial España
Unidad subordinada Ministerio de Trabajo y Economía Social
Término indicativo de función solicitante
856 4# - ACCESO ELECTRÓNICO
Identificador Uniforme del Recurso (URI) <a href="http://www.ces.es/documents/DIC/2025/01">http://www.ces.es/documents/DIC/2025/01</a>
Texto del enlace texto completo
902 ## - CES. TIPO DE DOCUMENTO
Tipodoc (006$c Sirtex) Dictamen CES
942 ## - ELEMENTOS KOHA
Fuente de clasificaión o esquema Clasificación propia del CES
Koha [por defecto] tipo de item Dictámenes/Informes/Memorias CES
Parte de clasificación Relaciones Laborales y Rel. Lab.- Empleo

No hay ítems disponibles.

© CES, Consejo Económico y Social de España 2021